<?xml version="1.0" encoding="UTF-8"?><collection xmlns="info:lc/xmlns/marcxchange-v2"><record format="Unimarc" type="bibliographic"><leader>00793cam  2200241   450 </leader><controlfield tag="001">2308076</controlfield><controlfield tag="003">http://id.bnportugal.gov.pt/bib/porbase/2308076</controlfield><controlfield tag="005">20070115153400.0</controlfield><datafield ind1=" " ind2=" " tag="010"><subfield code="a">0-7141-1705-6</subfield></datafield><datafield ind1=" " ind2=" " tag="035"><subfield code="a">UCJPII_201.iso/10-12-2010/24764</subfield></datafield><datafield ind1=" " ind2=" " tag="035"><subfield code="a">175507</subfield></datafield><datafield ind1=" " ind2=" " tag="100"><subfield code="a">20010403d1998    km y0pory0103    ba</subfield></datafield><datafield ind1="0" ind2=" " tag="101"><subfield code="a">eng</subfield></datafield><datafield ind1=" " ind2=" " tag="102"><subfield code="a">GB</subfield></datafield><datafield ind1="1" ind2=" " tag="200"><subfield code="a">Gods, demons and symbols of Ancient Mesopotamia</subfield><subfield code="e">an illustrated dictionary</subfield><subfield code="f">Jeremy Black and Anthony Green</subfield><subfield code="g">illustr. by Tessa Rickards</subfield></datafield><datafield ind1=" " ind2=" " tag="205"><subfield code="a">2. ed</subfield></datafield><datafield ind1=" " ind2=" " tag="210"><subfield code="a">London</subfield><subfield code="c">British Museum Press</subfield><subfield code="d">1998</subfield></datafield><datafield ind1=" " ind2=" " tag="215"><subfield code="a">192 p.</subfield><subfield code="c">il.</subfield><subfield code="d">24 cm</subfield></datafield><datafield ind1=" " ind2=" " tag="675"><subfield code="a">291.21(358)(03)</subfield><subfield code="v">2med</subfield><subfield code="z">por</subfield></datafield><datafield ind1=" " ind2=" " tag="675"><subfield code="a">291.37(358)(03)</subfield><subfield code="v">2med</subfield><subfield code="z">por</subfield></datafield><datafield ind1=" " ind2="1" tag="700"><subfield code="a">Black</subfield><subfield code="b">Jeremy</subfield></datafield><datafield ind1=" " ind2="1" tag="701"><subfield code="4">070</subfield><subfield code="a">Green</subfield><subfield code="b">Anthony</subfield></datafield><datafield ind1=" " ind2="1" tag="702"><subfield code="4">440</subfield><subfield code="a">Rickards</subfield><subfield code="b">Tessa</subfield></datafield><datafield ind1=" " ind2="0" tag="801"><subfield code="a">PT</subfield><subfield code="b">UCJPII</subfield><subfield code="g">RPC</subfield></datafield></record></collection>